| 000 | 01999nam a22003737a 4500 | ||
|---|---|---|---|
| 003 | dpl | ||
| 005 | 20090130135835.0 | ||
| 007 | DVD | ||
| 008 | 050907s2005 cau105 g 00| 0 eng d | ||
| 010 | _aDVD-001587-1589 | ||
| 024 |
_a4.02.4.02.077.08 _c499.00 |
||
| 035 | _aDVD-001587-1589 | ||
| 040 |
_aDPL _cDPL |
||
| 092 | _aDVD / GLAD | ||
| 245 |
_aGladiator _h[videorecording] DVD / _cUniversal Pictures and Dreamworks Pictures Presents |
||
| 260 | _bBig Home Video | ||
| 300 |
_a2 videocassette DVD; (148 min.) ; _bsd., col. ; _c4-3/4 in. _fDVD |
||
| 440 | _aBig Home Video | ||
| 508 | _aDirector of photography, Oliver Wood ; art directors, Shepherd Frankel, Don Macaulay ; editor, William Hoy ; music, Miri Ben-Ari, John Ottman ; costume designer, Jose Fernandez, Wendy Partridge ; production designer, Bill Boes ; visual effects supervisors | ||
| 538 | _aDolby digital 5.1, English, Russian Subtitles in English Russian, Hindi | ||
| 538 | _aAspect Ratio 1:78.1,Presentation Type: Wide Screen, Presentation Size: 16x9, Format: DVD 9 Dual Layer Single Sided Disc. Layer Transition may trigger a slight pause. | ||
| 650 | _aMotion Picture | ||
| 700 | _aScott, Ridley | ||
| 700 | _aCrowe, Russell | ||
| 700 | _aReed, Oliver | ||
| 700 | _aPhoenix, Joaquin | ||
| 700 | _aHarris, Richard | ||
| 700 | _aMatheson, John | ||
| 942 |
_cCF _2ddc _hDVD _mGLAD |
||
| 999 |
_c22661 _d22661 |
||